000 00906nam a2200253Ia 4500
003 OSt
005 20220923213118.0
006 a|||||r|||| 00| 0
007 ta
008 220922b |||||||| |||| 00| 0 hin d
024 _a158,991
037 _cTextual
040 _aARTS
_cARTS
_bhin
041 _2hin
_ahin
082 _aY:351.25264, 152.L3
100 _aचातक, गोविन्द
245 0 _aगढ़वाली लोकगीत
_b एक सांस्कृतिक अध्ययन
246 _aGaढ़vālī lokagīta: ek sāanskṛutik adhyayana
260 _aदिल्ली
_b विधार्थी प्रकाशन
_c1973
300 _a386 पृ.
_ccm.
650 _aभारतीय-लोक साहित्य
942 _hY:351.25264, 152.L3
_cTEXL
_2CC
999 _c313738
_d313738